All trainstations in The Netherlands Quiz - Statistics

General Stats
  • This quiz has been taken 45 times
    43 since last reset
  • The average score is 124 of 395
Answer Stats
Answer % Correct
Amsterdam Centraal
94%
Maastricht
88%
Rotterdam Centraal
88%
Utrecht Centraal
88%
Eindhoven Centraal
84%
Den Haag Centraal
81%
Breda
78%
Groningen
78%
Venlo
78%
Nijmegen
75%
Vlissingen
75%
Amsterdam Zuid
72%
Arnhem Centraal
72%
Haarlem
72%
Tilburg
72%
Zwolle
72%
Alkmaar
69%
Amsterdam Bijlmer ArenA
69%
Middelburg
69%
Almelo
66%
Amsterdam Sloterdijk
66%
Apeldoorn
66%
Dordrecht
66%
Enschede
66%
Leeuwarden
66%
Leiden Centraal
66%
Roosendaal
66%
Schiphol Airport
66%
Sittard
66%
Almere Centrum
63%
Amersfoort Centraal
63%
Assen
63%
Delft
63%
Den Haag HS
63%
Den helder
63%
Duiven
63%
Ede Wageningen
63%
Hilversum
63%
Roermond
63%
Rotterdam Blaak
63%
’S Hertogenbosch
63%
Amsterdam Muiderpoort
59%
Deventer
59%
Emmen
59%
Hengelo
59%
Hoorn
59%
Amsterdam RAI
56%
Duivendrecht
56%
Enkhuizen
56%
Gouda
56%
Helmond
56%
Lelystad Centrum
56%
Rotterdam Alexander
56%
Zoetermeer
56%
Almere Muziekwijk
53%
Amersfoort Schothorst
53%
Rotterdam Zuid
53%
Woerden
53%
Zaandam
53%
Amsterdam Amstel
50%
Baarn
50%
Bergen op Zoom
50%
Boxtel
50%
Heerhugowaard
50%
Heerlen
50%
Hoofddorp
50%
Houten
50%
Meppel
50%
Valkenburg
50%
Venray
50%
Weert
50%
Zutphen
50%
Amersfoort Vathorst
47%
Amsterdam Lelylaan
47%
Breukelen
47%
Delft Campus
47%
Den Haag Laan van NOI
47%
Den Haag Mariahoeve
47%
Harderwijk
47%
Naarden Bussum
47%
Schiedam Centrum
47%
Sneek
47%
Soest
47%
Veenendaal De Klomp
47%
Weesp
47%
Abcoude
44%
Almere Buiten
44%
Almere Oostvaarders
44%
Best
44%
Castricum
44%
Diemen
44%
Doetinchem
44%
Eindhoven Strijp-S
44%
Heerenveen
44%
Heiloo
44%
Oss
44%
Rijswijk
44%
Utrecht Leidsche Rijn
44%
Utrecht Zuilen
44%
Winterswijk
44%
Arnhem Zuid
41%
Barendrecht
41%
Bunnik
41%
Delfzijl
41%
Driebergen Zeist
41%
Goes
41%
Harlingen
41%
Hoorn Kersenboogerd
41%
Kampen
41%
Maarn
41%
Nijkerk
41%
Steenwijk
41%
Uitgeest
41%
Utrecht Overvecht
41%
Utrecht Vaartsche Rijn
41%
Veenendaal Centrum
41%
Almere Poort
38%
Beverwijk
38%
Culemborg
38%
Geldermalsen
38%
Hilversum Mediapark
38%
Purmerend
38%
Putten
38%
Rhenen
38%
Rotterdam Noord
38%
Tiel
38%
Utrecht Lunetten
38%
Zandvoort aan Zee
38%
Almere Parkwijk
34%
Amsterdam Sciencepark
34%
Barneveld
34%
Bilthoven
34%
Blerick
34%
Coevorden
34%
Den helder zuid
34%
Deurne
34%
Dieren
34%
Dronten
34%
Ede Centrum
34%
Elst
34%
Ermelo
34%
Gorinchem
34%
Hoogeveen
34%
Houten Castellum
34%
Maarssen
34%
Rosmalen
34%
Rotterdam Stadion
34%
Schagen
34%
Tilburg Universiteit
34%
Voorburg
34%
Voorschoten
34%
Vught
34%
Alphen aan den Rijn
31%
Bloemendaal
31%
Bodegraven
31%
Eijsden
31%
Etten-Leur
31%
Heemstede Aerdenhout
31%
Hilversum Sportpark
31%
Oldenzaal
31%
Ommen
31%
Santpoort Noord
31%
Sliedrecht
31%
Utrecht Maliebaan
31%
Vleuten
31%
Wierden
31%
Amsterdam Holendrecht
28%
Arnhem Velperpoort
28%
Beilen
28%
Breda-Prinsenbeek
28%
Den Dolder
28%
Didam
28%
Diemen Zuid
28%
Gilze Rijen
28%
Groningen Europapark
28%
Groningen Noord
28%
Hardinxveld-Giessendam
28%
Haren
28%
Harlingen Haven
28%
Heemskerk
28%
Kerkrade Centrum
28%
Lage Zwaluwe
28%
Nieuw Vennep
28%
Nijmegen Lent
28%
’S Hertogenbosch Oost
28%
Soestdijk
28%
Tilburg Reeshof
28%
Wijchen
28%
Zaltbommel
28%
Zevenaar
28%
Zwijndrecht
28%
Aalten
25%
Alkmaar noord
25%
Appingedam
25%
Bovenkarspel flora
25%
Den Haag Moerwijk
25%
De Vink
25%
Dordrecht Stadspolders
25%
Dordrecht Zuid
25%
Echt
25%
Emmen Zuid
25%
Gouda Goverwelle
25%
Halfweg Zwanenburg
25%
Hillegom
25%
Leerdam
25%
Leiden Lammenschans
25%
Lochem
25%
Maastricht Noord
25%
Maastricht Randwyck
25%
Nunspeet
25%
Oss West
25%
Rheden
25%
Rijssen
25%
Rotterdam Lombardijen
25%
Santpoort Zuid
25%
’T Harde
25%
Waddinxveen
25%
Westervoort
25%
Wijhe
25%
Zoetermeer Oost
25%
Zwolle Stadshagen
25%
Apeldoorn de Maten
22%
Arnemuiden
22%
Bussum Zuid
22%
Den Haag Ypenburg
22%
Geleen Lutterade
22%
Hardenberg
22%
Helmond Brouwhuis
22%
Holten
22%
Horst Sevenum
22%
Kampen Zuid
22%
Kruiningen Yerseke
22%
Landgraaf
22%
Lunteren
22%
Nieuw Amsterdam
22%
Nijmegen Dukenburg
22%
Obdam
22%
Oisterwijk
22%
Oudenbosch
22%
Overveen
22%
Purmerend Overwhere
22%
Roodeschool
22%
Utrecht Terwijde
22%
Veenendaal West
22%
Velp
22%
Voorhout
22%
Wezep
22%
Wolvega
22%
Wormerveer
22%
Zevenbergen
22%
Akkrum
19%
Almelo de Riet
19%
Arnhem Presikhaaf
19%
Bad Nieuweschans
19%
Beesd
19%
Boven-Hardinxveld
19%
Boxmeer
19%
Brummen
19%
Buitenpost
19%
Cuijk
19%
Deventer Colmschate
19%
Eemshaven
19%
Franeker
19%
Geldrop
19%
Goor
19%
Haarlem Spaarnwoude
19%
Heeze
19%
Heino
19%
Helmond Brandevoort
19%
Helmond ’t Hout
19%
Hengelo Gezondheidspark
19%
Hengelo Oost
19%
Hollandsche Rading
19%
Hoogkarspel
19%
Koog aan de Zaan
19%
Krommenie Assendelft
19%
Maarheeze
19%
Mariënberg
19%
Meerssen
19%
Mook Molenhoek
19%
Nieuwekerk aan den IJssel
19%
Olst
19%
Raalte
19%
Ravenstein
19%
Rilland-Bath
19%
Schin op Geul
19%
Sliedrecht Baanhoek
19%
Sneek Noord
19%
Stavoren
19%
Susteren
19%
Tiel Passewaaij
19%
Uithuizen
19%
Vierlingsbeek
19%
Vlissingen Souburg
19%
Vriezenveen
19%
Wolfheze
19%
Zaandam Kogerveld
19%
Zuidhorn
19%
Barneveld Noord
16%
Barneveld Zuid
16%
Bedum
16%
Borne
16%
Boskoop
16%
Bovenkarspel grootebroek
16%
Capelle Schollevaar
16%
Dalfsen
16%
Delden
16%
Doetinchem De Huet
16%
Driehuis
16%
Gaanderen
16%
Hardinxveld Blauwe Zoom
16%
Heerlen Woonboulevard
16%
Hoevelaken
16%
Hurdegaryp
16%
IJlst
16%
Kapelle Biezelinge
16%
Kesteren
16%
Klarenbeek
16%
Krabbendijke
16%
Lansingerland Zoetermeer
16%
Leeuwarden Camminghaburen
16%
Loppersum
16%
Nijmegen Goffert
16%
Nijmegen Heyendaal
16%
Nijverdal
16%
Nuth
16%
Oosterbeek
16%
Opheusden
16%
Ruurlo
16%
Sassenheim
16%
Tegelen
16%
Twello
16%
Varsseveld
16%
Warffum
16%
Winterswijk West
16%
Zaandijk Zaanse Schans
16%
Zetten Andelst
16%
Arkel
13%
Beek Elsloo
13%
Boskoop Snijdelwijk
13%
Deinum
13%
Delfzijl West
13%
Enschede de Eschmarke
13%
Enschede Kennispark
13%
Eygelshoven
13%
Eygelshoven Markt
13%
Geleen Oost
13%
Gramsbergen
13%
Grijpskerk
13%
Grou-Jirnsum
13%
Hindeloopen
13%
Hoensbroek
13%
Houthem Sint Gerlach
13%
Koudum-Molkwerum
13%
Mantgum
13%
Purmerend Weidevenne
13%
Reuver
13%
Schinnen
13%
Soest Zuid
13%
Stedum
13%
Swalmen
13%
Terborg
13%
Veendam
13%
Waddinxveen Noord
13%
Waddinxveen Triangel
13%
Wehl
13%
Winschoten
13%
Winsum
13%
Workum
13%
Apeldoorn Osseveld
9%
Baflo
9%
Bunde
9%
Chevremont
9%
Daarlerveen
9%
Dalen
9%
De Westereen
9%
Dronryp
9%
Feanwâlden
9%
Glanerbrug
9%
Hemmen Dodewaard
9%
Klimmen Ransdaal
9%
Lichtenvoorde Groenlo
9%
Sauwerd
9%
Scheemda
9%
Uithuizermeeden
9%
Usquert
9%
Voerendaal
9%
Vorden
9%
Vroomshoop
9%
Hoogezand-Sappemeer
6%
Kropswolde
6%
Martenshoek
6%
Spaubeek
6%
Zuidbroek
6%
Voorst-Empe
3%
No matching quizzes found
Score Distribution
Percent of People with Each Score
Percentile by Number Answered
Your Score History
You have not taken this quiz since the last reset